Kaleidoscope Level G

Quỹ Châu Á

Guardat en:
Dades bibliogràfiques
Autor principal: McGraw Hill
Format: Llibre
Idioma:Undetermined
Publicat: Boston McGraw-Hill Higher Education; SRA 2008
Matèries:
Accés en línia:http://lrc.tdmu.edu.vn/opac/search/detail.asp?aID=2&ID=34449
Etiquetes: Afegir etiqueta
Sense etiquetes, Sigues el primer a etiquetar aquest registre!
Thư viện lưu trữ: Trung tâm Học liệu Trường Đại học Thủ Dầu Một
LEADER 00729nam a2200217Ia 4500
001 TDMU_34449
008 210410s9999 xx 000 0 und d
082 |a 428.3 
090 |b MCGR111 
100 |a McGraw Hill 
245 0 |a Kaleidoscope 
245 0 |b Level G 
245 0 |c McGraw Hill, SRA 
260 |a Boston 
260 |b McGraw-Hill Higher Education; SRA 
260 |c 2008 
300 |a 260 p. 
520 |a Quỹ Châu Á  |c Tặng; 6 parts: Taking charge; history's mysteries; in motion; from the ground up; what an idea; time-out 
650 |a English; Tiếng Anh 
856 |u http://lrc.tdmu.edu.vn/opac/search/detail.asp?aID=2&ID=34449 
980 |a Trung tâm Học liệu Trường Đại học Thủ Dầu Một